| 000 | 00542nam a22001937a 4500 | ||
|---|---|---|---|
| 999 |
_c7169 _d7169 |
||
| 003 | OSt | ||
| 005 | 20210908114954.0 | ||
| 008 | 210908b ||||| |||| 00| 0 eng d | ||
| 020 | _a9780470842935 | ||
| 040 | _cDDC | ||
| 082 | _a541.372WRI2009 | ||
| 100 |
_aWright,Robson Margaret _914757 |
||
| 245 |
_aAn introduction to aqueous electrolyte solutions _cEdited by Wright,Robson Margaret; |
||
| 260 |
_aUK _bWiley _c2009 |
||
| 300 |
_axxviii,574p; _bill _c25cm |
||
| 504 | _aIncludes; index | ||
| 650 |
_aChemistry _9797 |
||
| 942 |
_2ddc _cO_SHELF |
||